| 000 | 00000nam##2200000za#4500 |
| 001 | 9.640663 |
| 003 | CaOODSP |
| 005 | 20210624222801 |
| 007 | cr ||||||||||| |
| 008 | 150407|1992||||xxc|||||o f|0| 0 fre|d |
| 040 | |aCaOODSP|bfre |
| 043 | |an-cn--- |
| 086 | 1 |aH68-32/1992F-PDF |
| 110 | 1 |aCanada.|bConseil national du bien-être social. |
| 245 | 13|aLe budget de 1992 et les prestations pour enfants |h[ressource électronique] |
| 260 | |aOttawa - Ontario : |bConseil national du bien-être social |c1992. |
| 300 | |a37p.|bgraphiques, tableau |
| 500 | |aLe n° de catalogue (H68-32/1992F) et l'ISBN (0-662-97807-2) de l'édition imprimée ont été incorrectement copiés dans l'édition pdf. |
| 590 | |a12-35-Supp|b2012-08-09 |
| 691 | 07|aAllocations familiales|2gcpds |
| 775 | 08|tThe 1992 budget and child benefits |w(CaOODSP)9.696554 |
| 776 | 0#|tLe budget de 1992 et les prestations pour enfants : |w(CaOODSP)9.678426 |
| 856 | 40|ahttp://publications.gc.ca|qPDF|s1.64 Mo|uhttps://publications.gc.ca/collections/collection_2012/cnb-ncw/H68-32-1992-fra.pdf |